[Event "GER-chT Betriebe 16th"]
[Site "Dresden"]
[Date "2016.11.05"]
[Round "4.4"]
[White "Bissinger, Gerhard"]
[Black "Seifert, Martin"]
[Result "1/2-1/2"]
[WhiteElo "1608"]
[BlackElo "1988"]
[PlyCount "33"]
[EventDate "2016.11.03"]
[EventType "team-swiss"]
[EventRounds "7"]
[EventCountry "GER"]
[SourceTitle "EXT 2020"]
[Source "ChessBase"]
[SourceDate "2019.10.17"]
[SourceVersion "1"]
[SourceVersionDate "2019.10.17"]
[SourceQuality "1"]
[WhiteTeam "Hamburg Unilever"]
[BlackTeam "Stuttgart Sparkassen-Vers"]
[WhiteTeamCountry "GER"]
[BlackTeamCountry "GER"]

1. e4 e6 2. c4 d5 3. cxd5 exd5 4. exd5 Nf6 5. Bb5+ Bd7 6. Bc4 Be7 7. Nf3 0-0 8. 0-0 Bf5 9. Nc3 Nbd7 10. d4 Nb6 11. Bd3 Bxd3 12. Qxd3 Nbxd5 13. Bg5 c6 14. Rad1 h6 15. Bh4 Nf4 16. Qd2 Ne6 17. Rfe1 1/2-1/2

[Event "GER-chT Betriebe 16th"]
[Site "Dresden"]
[Date "2016.11.05"]
[Round "6.4"]
[White "Seifert, Martin"]
[Black "Hoffmann, Paul"]
[Result "0-1"]
[WhiteElo "1988"]
[BlackElo "2372"]
[PlyCount "92"]
[EventDate "2016.11.03"]
[EventType "team-swiss"]
[EventRounds "7"]
[EventCountry "GER"]
[SourceTitle "EXT 2020"]
[Source "ChessBase"]
[SourceDate "2019.10.17"]
[SourceVersion "1"]
[SourceVersionDate "2019.10.17"]
[SourceQuality "1"]
[WhiteTeam "Stuttgart Sparkassen-Vers"]
[BlackTeam "Meissen UKA"]
[WhiteTeamCountry "GER"]
[BlackTeamCountry "GER"]

1. e4 c5 2. Nf3 Nc6 3. d4 cxd4 4. Nxd4 Nf6 5. Nc3 d6 6. Bg5 Qb6 7. Bxf6 gxf6 8. Nb3 e6 9. Qd2 a6 10. 0-0-0 Bd7 11. Kb1 0-0-0 12. Qf4 Be7 13. Be2 h5 14. Rhf1 Rdg8 15. g3 Ne5 16. h4 Kb8 17. Qd2 Rc8 18. Rde1 Nc4 19. Bxc4 Rxc4 20. Qd3 Rhc8 21. Qf3 Rh8 22. Re3 a5 23. Qe2 Rcc8 24. Nd2 a4 25. Nc4 Qb4 26. Na3 Rc5 27. Rd1 Rhc8 28. Rdd3 Bf8 29. Qd1 Qa5 30. f4 Be8 31. Ne2 f5 32. exf5 Rxf5 33. c3 Rfc5 34. Nc2 Qb6 35. Na3 e5 36. Ka1 f6 37. fxe5 dxe5 38. Re4 Qa6 39. Rd8 Rxd8 40. Qxd8+ Rc8 41. Qd1 Be7 42. Re3 Rd8 43. Qc2 Bc5 44. Rf3 Bxa3 45. bxa3 Bg6 46. Qxg6 Qxe2 0-1

[Event "Fellbach Oeffingen op 2nd"]
[Site "Fellbach Oeffingen"]
[Date "2011.06.14"]
[Round "7"]
[White "Keough, Robert W"]
[Black "Seifert, Martin"]
[Result "1-0"]
[WhiteElo "2063"]
[BlackElo "1877"]
[PlyCount "65"]
[EventDate "2011.06.11"]
[EventType "swiss"]
[EventRounds "7"]
[EventCountry "GER"]
[SourceTitle "CBM 142 Extra"]
[Source "ChessBase"]
[SourceDate "2011.06.27"]
[SourceVersion "1"]
[SourceVersionDate "2011.06.27"]
[SourceQuality "1"]

1. e4 e6 2. d4 d5 3. Nc3 Nf6 4. Bg5 Bb4 5. e5 h6 6. Be3 Ne4 7. Qg4 Kf8 8. Nge2 c5 9. f3 f5 10. Qh5 Nxc3 11. bxc3 Ba5 12. Kf2 Bd7 13. Rb1 Be8 14. Qh3 Qc7 15. g4 cxd4 16. Nxd4 Qxe5 17. gxf5 exf5 18. Qxf5+ Qxf5 19. Nxf5 Bxc3 20. Bc5+ Kf7 21. Rxb7+ Kf6 22. Bd3 Nc6 23. Nxg7 Bg6 24. Bxg6 Kxg6 25. Rg1+ Kf6 26. Nh5+ Ke5 27. f4+ Kf5 28. Ng3+ Ke6 29. Ne2 Bf6 30. Re1 Kf5 31. Ng3+ Kg6 32. f5+ Kg5 33. h4+ 1-0

[Event "Fellbach Oeffingen op 2nd"]
[Site "Fellbach Oeffingen"]
[Date "2011.06.13"]
[Round "5"]
[White "Seifert, Martin"]
[Black "Engbrecht, Helmut"]
[Result "0-1"]
[WhiteElo "1877"]
[BlackElo "1921"]
[PlyCount "112"]
[EventDate "2011.06.11"]
[EventType "swiss"]
[EventRounds "7"]
[EventCountry "GER"]
[SourceTitle "CBM 142 Extra"]
[Source "ChessBase"]
[SourceDate "2011.06.27"]
[SourceVersion "1"]
[SourceVersionDate "2011.06.27"]
[SourceQuality "1"]

1. e4 e5 2. Nf3 Nc6 3. Bb5 Bc5 4. 0-0 Nf6 5. Nc3 d6 6. d3 h6 7. Be3 Bb6 8. Bxb6 axb6 9. d4 exd4 10. Nxd4 Bd7 11. Nxc6 bxc6 12. Bc4 b5 13. Bd3 b4 14. Ne2 0-0 15. Ng3 Ra5 16. Qd2 c5 17. Bc4 Be6 18. Qd3 Qa8 19. f3 Bxc4 20. Qxc4 Qa6 21. Qxa6 Rxa6 22. Ne2 Rfa8 23. Nc1 c4 24. Rd1 c5 25. Kf2 Kf8 26. g4 Ke7 27. h4 Ne8 28. f4 Nc7 29. Ke3 Nb5 30. Rd2 c3 31. bxc3 Nxc3 32. g5 h5 33. f5 Ra3 34. Kf4 R8a4 35. Ne2 Nxe2+ 36. Rxe2 Rh3 37. Rd1 Rxh4+ 38. Kf3 Ra3+ 39. Kf2 Rh2+ 40. Ke1 Rxe2+ 41. Kxe2 Rxa2 42. f6+ gxf6 43. gxf6+ Ke6 44. Kd3 Ra3+ 45. Kd2 h4 46. Rf1 Ke5 47. Rf5+ Kxe4 48. Rh5 h3 49. Rh7 Ra7 50. Rxh3 Ke5 51. Rh6 Ra2 52. Kd3 Ra3+ 53. Ke2 Rc3 54. Kd2 Rf3 55. Rh8 Rxf6 56. Ke3 Re6 0-1

[Event "Fellbach Oeffingen op 2nd"]
[Site "Fellbach Oeffingen"]
[Date "2011.06.12"]
[Round "3"]
[White "Seifert, Martin"]
[Black "Zehring, Mathias"]
[Result "1/2-1/2"]
[WhiteElo "1877"]
[BlackElo "1809"]
[PlyCount "38"]
[EventDate "2011.06.11"]
[EventType "swiss"]
[EventRounds "7"]
[EventCountry "GER"]
[SourceTitle "CBM 142 Extra"]
[Source "ChessBase"]
[SourceDate "2011.06.27"]
[SourceVersion "1"]
[SourceVersionDate "2011.06.27"]
[SourceQuality "1"]

1. e4 e5 2. Nf3 Nc6 3. Nc3 Nf6 4. d4 exd4 5. Nxd4 d6 6. Nxc6 bxc6 7. Bd3 Be7 8. 0-0 0-0 9. Bf4 Bg4 10. f3 Be6 11. Kh1 Nd7 12. Qd2 Bf6 13. b3 Ne5 14. Bxe5 dxe5 15. Ne2 Qe7 16. Qa5 Rfd8 17. Rad1 c5 18. Nc3 c6 19. Na4 c4 1/2-1/2

[Event "IECG TE.2001.F.00800 email"]
[Site "IECG email"]
[Date "2005.01.28"]
[Round "?"]
[White "Seifert, Martin"]
[Black "Subramanian, Ravichandran"]
[Result "0-1"]
[WhiteElo "1938"]
[BlackElo "1061"]
[PlyCount "35"]
[EventDate "2005.01.28"]
[EventType "tourn (corr)"]
[EventRounds "4"]
[SourceTitle "Corr 2024"]
[Source "ChessBase"]
[SourceDate "2023.10.19"]
[SourceVersion "1"]
[SourceVersionDate "2023.10.19"]
[SourceQuality "1"]

1. e4 d6 2. d4 Nf6 3. Nc3 g6 4. Nf3 Bg7 5. Be3 0-0 6. Qd2 c6 7. 0-0-0 b5 8. e5 dxe5 9. Nxe5 Qa5 10. Kb1 b4 11. Ne2 Be6 12. Nc1 Rd8 13. Bd3 c5 14. dxc5 Qc7 15. f4 Nc6 16. Nxc6 Qxc6 17. Nb3 Bxb3 18. cxb3 0-1

[Event "IECG CP.2003.Q.00005 email"]
[Site "IECG email"]
[Date "2005.01.15"]
[Round "?"]
[White "Seifert, Martin"]
[Black "Epiney, Flo"]
[Result "0-1"]
[WhiteElo "1938"]
[BlackElo "2210"]
[PlyCount "96"]
[EventDate "2005.01.15"]
[EventType "tourn (corr)"]
[EventRounds "6"]
[SourceTitle "Corr 2008"]
[Source "ChessBase"]
[SourceDate "2008.06.24"]
[SourceVersion "1"]
[SourceVersionDate "2008.06.24"]
[SourceQuality "1"]

1. e4 c6 2. d4 d5 3. Nc3 dxe4 4. Nxe4 Bf5 5. Ng3 Bg6 6. h4 h6 7. Nf3 Nd7 8. h5 Bh7 9. Bd3 Bxd3 10. Qxd3 Ngf6 11. Bd2 Qc7 12. 0-0-0 e6 13. Ne4 0-0-0 14. g3 Nc5 15. Nxc5 Bxc5 16. Qe2 Bb6 17. Bf4 Qe7 18. c4 Bc7 19. Ne5 Nd7 20. Kb1 Qf6 21. Rhe1 Rhe8 22. Nxd7 Rxd7 23. Bxc7 Kxc7 24. Qe5+ Kc8 25. Qxf6 gxf6 26. Rd3 Rg8 27. Kc2 Rg5 28. Rh1 Rf5 29. f4 b5 30. b3 b4 31. Rd2 Ra5 32. a4 bxa3 33. g4 Kb7 34. b4 Ra6 35. Ra1 e5 36. fxe5 fxe5 37. dxe5 Rxd2+ 38. Kxd2 a2 39. Kc2 Ra3 40. Kb2 Rg3 41. Kxa2 Rxg4 42. Kb3 Rg3+ 43. Ka4 Rg4 44. Rf1 Rxc4 45. Ka5 Rh4 46. Rxf7+ Kb8 47. e6 Rxh5+ 48. Ka6 Rh3 0-1

[Event "IECG CP.2003.Q.00005 email"]
[Site "IECG email"]
[Date "2005.01.15"]
[Round "?"]
[White "Seifert, Martin"]
[Black "Jensen, Soeren"]
[Result "0-1"]
[WhiteElo "1938"]
[BlackElo "1914"]
[PlyCount "54"]
[EventDate "2005.01.15"]
[EventType "tourn (corr)"]
[EventRounds "6"]
[SourceTitle "Corr 2008"]
[Source "ChessBase"]
[SourceDate "2008.06.24"]
[SourceVersion "1"]
[SourceVersionDate "2008.06.24"]
[SourceQuality "1"]

1. e4 Nc6 2. d4 d5 3. e5 Bf5 4. Nf3 e6 5. c3 Qd7 6. Nbd2 Be7 7. Be2 f6 8. b4 Nh6 9. exf6 gxf6 10. Nh4 Bg6 11. Nb3 Nf5 12. Nxf5 Bxf5 13. Nc5 Bxc5 14. bxc5 Rg8 15. g4 Be4 16. f3 Bg6 17. Bh6 0-0-0 18. h4 e5 19. h5 Bf7 20. Rb1 Rde8 21. Qb3 Nd8 22. Kd1 Qe6 23. Re1 f5 24. Bd2 fxg4 25. fxg4 Rxg4 26. Bb5 c6 27. Rxe5 Qf6 0-1

[Event "IECG CP.2003.P.00049 email"]
[Site "IECG email"]
[Date "2003.10.01"]
[Round "?"]
[White "Seifert, Martin"]
[Black "Forget, Cyril"]
[Result "1-0"]
[WhiteElo "1920"]
[BlackElo "1757"]
[PlyCount "27"]
[EventDate "2003.10.01"]
[EventType "tourn (corr)"]
[EventRounds "6"]
[EventCountry "ENG"]
[SourceTitle "Corr 2008"]
[Source "ChessBase"]
[SourceDate "2008.06.24"]
[SourceVersion "1"]
[SourceVersionDate "2008.06.24"]
[SourceQuality "1"]

1. e4 Nc6 2. d4 d5 3. e5 Bf5 4. Nf3 Qd7 5. c3 f6 6. Be3 0-0-0 7. Bb5 e6 8. b4 a6 9. Ba4 b5 10. Bb3 fxe5 11. Nxe5 Nxe5 12. dxe5 d4 13. Qf3 Kb8 14. Bxd4 1-0

[Event "IECG TE.2001.S.00801 email"]
[Site "IECG email"]
[Date "2003.08.10"]
[Round "?"]
[White "Lovakovic, Franjo"]
[Black "Seifert, Martin"]
[Result "1-0"]
[WhiteElo "2045"]
[BlackElo "1920"]
[PlyCount "43"]
[EventDate "2003.08.10"]
[EventType "tourn (corr)"]
[EventRounds "12"]
[SourceTitle "Corr 2008"]
[Source "ChessBase"]
[SourceDate "2008.06.24"]
[SourceVersion "1"]
[SourceVersionDate "2008.06.24"]
[SourceQuality "1"]

1. e4 d6 2. d4 Nf6 3. Nc3 g6 4. Nf3 Bg7 5. Be3 0-0 6. Qd2 a6 7. Bh6 b5 8. Bxg7 Kxg7 9. Bd3 Bb7 10. e5 Nfd7 11. h4 dxe5 12. h5 Rh8 13. 0-0-0 e4 14. Bxe4 Bxe4 15. Nxe4 Nf6 16. Ng3 Qd5 17. hxg6 fxg6 18. Ne5 Rd8 19. Qg5 Qe6 20. Kb1 Nbd7 21. Rde1 Re8 22. d5 1-0

[Event "IECG TE.2001.S.00801 email"]
[Site "IECG email"]
[Date "2003.08.10"]
[Round "?"]
[White "Van Esbroeck, Jeff"]
[Black "Seifert, Martin"]
[Result "0-1"]
[WhiteElo "1791"]
[BlackElo "1920"]
[PlyCount "59"]
[EventDate "2003.08.10"]
[EventType "tourn (corr)"]
[EventRounds "12"]
[SourceTitle "Corr 2008"]
[Source "ChessBase"]
[SourceDate "2008.06.24"]
[SourceVersion "1"]
[SourceVersionDate "2008.06.24"]
[SourceQuality "1"]

1. e4 d6 2. d4 Nf6 3. Nc3 g6 4. Nf3 Bg7 5. Be3 0-0 6. Qd2 a6 7. Bh6 b5 8. Bxg7 Kxg7 9. Bd3 Nc6 10. Nd5 e5 11. Nxf6 Qxf6 12. d5 Ne7 13. 0-0 Bg4 14. Be2 Bxf3 15. Bxf3 Qh4 16. a4 f5 17. Rfe1 fxe4 18. Rxe4 Qf6 19. Rb4 Nf5 20. c3 h6 21. Rf1 Rab8 22. axb5 Rxb5 23. Ra4 Ne7 24. Rxa6 Qf4 25. Qe2 Rc5 26. Rd1 Rc4 27. Ra7 Nf5 28. Qf1 Nh4 29. Be2 Rc5 30. Rd3 0-1

[Event "IECG TE.2001.S.00801 email"]
[Site "IECG email"]
[Date "2003.08.10"]
[Round "?"]
[White "Warren, Robert"]
[Black "Seifert, Martin"]
[Result "1/2-1/2"]
[WhiteElo "1765"]
[BlackElo "1920"]
[PlyCount "90"]
[EventDate "2003.08.10"]
[EventType "tourn (corr)"]
[EventRounds "12"]
[SourceTitle "Corr 2008"]
[Source "ChessBase"]
[SourceDate "2008.06.24"]
[SourceVersion "1"]
[SourceVersionDate "2008.06.24"]
[SourceQuality "1"]

1. e4 d6 2. d4 Nf6 3. Nc3 g6 4. Nf3 Bg7 5. Be3 0-0 6. Qd2 a6 7. Bh6 b5 8. Bd3 Nc6 9. 0-0 e5 10. Bxg7 Kxg7 11. d5 Ne7 12. h3 c6 13. dxc6 Be6 14. a3 Qc7 15. Rad1 Qxc6 16. Rfe1 h6 17. Re3 Rfd8 18. Bf1 Rd7 19. Be2 Rc8 20. Bf1 Qc7 21. Qe1 Nc6 22. Red3 Na5 23. b3 Nc6 24. Qe3 b4 25. Na4 Rdd8 26. axb4 Nxb4 27. Rc3 Qb7 28. Rxc8 Rxc8 29. Rxd6 Nxc2 30. Qb6 Qxb6 31. Rxb6 Nd4 32. Nxe5 Nxe4 33. Rb4 Rd8 34. Bxa6 Bxb3 35. f3 Nd2 36. Nc5 Rd5 37. Ned3 Bc2 38. Kf2 Bxd3 39. Nxd3 Rd6 40. Nc5 N2b3 41. Nxb3 Nxb3 42. Bc4 Nc5 43. g3 Nd3+ 44. Bxd3 Rxd3 45. h4 h5 1/2-1/2

[Event "IECG TE.2001.P.00812 email"]
[Site "IECG email"]
[Date "2001.10.05"]
[Round "?"]
[White "Seifert, Martin"]
[Black "Perez, Giorgio"]
[Result "1/2-1/2"]
[WhiteElo "1879"]
[BlackElo "1888"]
[PlyCount "121"]
[EventDate "2001.10.05"]
[EventType "tourn (corr)"]
[EventRounds "12"]
[SourceTitle "Corr 2008"]
[Source "ChessBase"]
[SourceDate "2008.06.24"]
[SourceVersion "1"]
[SourceVersionDate "2008.06.24"]
[SourceQuality "1"]

1. e4 d6 2. d4 Nf6 3. Nc3 g6 4. Nf3 Bg7 5. Be3 0-0 6. Qd2 c6 7. Bd3 b5 8. h3 Qc7 9. Bh6 b4 10. Ne2 c5 11. Bxg7 Kxg7 12. e5 dxe5 13. dxe5 Nfd7 14. Qg5 Nc6 15. Be4 f6 16. Qg3 fxe5 17. h4 Nf6 18. Bxc6 Qxc6 19. h5 Bf5 20. hxg6 hxg6 21. Qxe5 Qd6 22. Ng3 Qxe5+ 23. Nxe5 Bxc2 24. Rc1 b3 25. axb3 Bxb3 26. Rc3 Bd5 27. Rxc5 Rfc8 28. Rxc8 Rxc8 29. 0-0 a6 30. Ra1 Bb7 31. Re1 Nd5 32. Nd3 Rc4 33. Re6 Rc6 34. Re5 Rc4 35. Ne4 Kf7 36. b3 Rd4 37. Ndc5 Bc8 38. f3 Nb4 39. Kf2 Nc6 40. Ke3 Rd8 41. Rg5 Nb4 42. g4 Nd5+ 43. Kf2 Nf4 44. Re5 Rd1 45. Ke3 Nd5+ 46. Ke2 Rd4 47. Rg5 Nb4 48. Ke3 Rd8 49. Nf2 Nc2+ 50. Kf4 Nd4 51. Nfd3 Ne6+ 52. Nxe6 Rxd3 53. Nc5 Rd4+ 54. Ke3 Rd8 55. Nd3 Rd6 56. f4 Kg7 57. Ne5 Kh7 58. Nd3 Kg7 59. b4 Kh6 60. Ne5 Rf6 61. Nd3 1/2-1/2

[Event "IECG TE.2001.P.00812 email"]
[Site "IECG email"]
[Date "2001.10.05"]
[Round "?"]
[White "Seifert, Martin"]
[Black "Stuart, Keith"]
[Result "1-0"]
[WhiteElo "1879"]
[BlackElo "856"]
[PlyCount "61"]
[EventDate "2001.10.05"]
[EventType "tourn (corr)"]
[EventRounds "12"]
[SourceTitle "Corr 2008"]
[Source "ChessBase"]
[SourceDate "2008.06.24"]
[SourceVersion "1"]
[SourceVersionDate "2008.06.24"]
[SourceQuality "1"]

1. e4 d6 2. d4 Nf6 3. Nc3 g6 4. Nf3 Bg7 5. Be3 0-0 6. Qd2 c6 7. Bd3 d5 8. e5 Ne8 9. Bh6 Bg4 10. Bxg7 Nxg7 11. 0-0-0 Nd7 12. Qf4 Bf5 13. Bxf5 Nxf5 14. g4 Ng7 15. Rd3 f6 16. Qh6 Qc7 17. h4 Rae8 18. Ng5 fxg5 19. hxg5 Rxf2 20. Qxh7+ Kf7 21. Rd2 Rf4 22. e6+ Kxe6 23. Qxg6+ Nf6 24. gxf6 exf6 25. Re2+ Kd6 26. Rxe8 Nxe8 27. Qxe8 Rxd4 28. Re1 Kc5 29. Qe3 Qf4 30. Ne4+ Qxe4 31. Qa3+ 1-0